Principales Iles bretonnes - vue satellite - Statistiques

Statistiques générales
  • Ce quiz a été pris 131 fois
  • Le résultat moyen est 6 sur 9
Statistiques - réponses
Par images Réponse % Correct
Belle-Ile
93%
Ouessant
86%
Groix
77%
Molène
69%
Sein
68%
Houat
61%
Batz
60%
Hoëdic
60%
Bréhat
59%
Aucun quiz correspondant
Distribution des résultats
% des personnes avec chaque résultat
Percentile par nombre de réponses
Votre historique - résultats
Vous n’avez pas pris ce quiz